000 00507nam a22001577a 4500
003 OSt
005 20151101083941.0
008 151101b xxu||||| |||| 00| 0 eng d
040 _cRUA
082 _aFOR ជា 1989 B115 Or.1
100 _93097
_aជា សំអាង
245 _aបញ្ហាផ្កត់ផ្កង់ អុស ធ្យូង សំរាប់រដ្ឋធានីភ្នំពេញ
260 _aPhnom Penh
_bRUA
_c1989
300 _a58p.
_bill.
_c29cm.
942 _2ddc
_cFOR
999 _c2886
_d2886